zpět

Detail výsledku týmu

Pekelná Husa, Klatovy

Datum a čas kvízu

28.5 Celkem bodů Celkový počet nahraných bodů na tomto kvízu bez doplňovacích otázek.
8. Pořadí na kvízu Konečné umístění týmu na tomto kvízu.

Zaznamenané odpovědi

# Otázka Odpověď Body Výsledky
1. Minulý týden byl jistý 37letý... Mikuláš Ferjenčík, Jiří Strach 0.5
2. Parlament jednoho evropského s... Německo 1
3. Ve čtvrtek 6. června si na půd... D) sklářství 1
4. Minulý týden byl v Praze k vid... Tesla Cybertuck 0
5. Fotbalové EURO se blíží. Hrají... Island 0
6. Dostanete vždy pět indicií, k... Idiot 0
7. Irsko – strom – Estragon – Nob... Čekání na Godota 0
8. Nashville – Felis – žár – Puli... Kočka na rozpálené plechové střeše 0
9. Roman – okupace – Tibet – Lakm... Spalovač mrtvol 0
10. Karviná – kronika – sv. Petr... Šikmý kostel 0